| 000 | 00959nam a2200205 a 4500 | ||
|---|---|---|---|
| 005 | 20240924063839.0 | ||
| 008 | 030926s1998 mx r 000 0 spa d | ||
| 020 | _a9806401220 (CRESALC) | ||
| 035 | _aUPN01000129262 | ||
| 049 | _aCG | ||
| 050 | 4 |
_aLB2301 _bR4.5 |
|
| 111 | 2 |
_aRegional Conference Policies and Strategies for the Transformation of Higher Education in Latin America and the Caribbean _d(1996 november 18-20 : _cHabana, Cuba ) |
|
| 245 | 1 | 0 |
_aHigher education in the XXI century : _bview of Latin America and the Caribbean / _cDocuments of the regional conference policies and strategies for the transformation of higher education in Latin America and the Caribbean, from 18 to 22 november 1996, held in Habana Cuba. |
| 260 |
_aCaracas : _bCRESALC : _bUNESCO, _c1998. |
||
| 300 | _a594 p. | ||
| 440 | 0 |
_aResponses ; _v5 |
|
| 650 | 4 |
_aEducación superior _zAmérica Latina _vCongresos _919382 |
|
| 905 | _aLibro | ||
| 999 |
_c101434 _d101434 |
||